000 00651nam a2200265Ia 4500
005 20260121170709.0
008 008 260114s9999 xx 000 0 eng d
020 _a9781349953592
037 _aEBOOK
040 _aCRL
040 _beng
040 _cCRL
041 _2eng
041 _aeng
084 _qCRL
100 _aKelly Jones, Benjamin Poore, Robert Dean
_91067051
245 0 _aContemporary Gothic Drama
260 _bSpringer
260 _bSpringer
260 _c2018
856 _uhttps://link.springer.com/openurl?genre=book&isbn=978-1-349-95359-2
942 _cEBOOK
999 _c1632781
_d1632781